书目信息 |
| 题名: |
差异的颂歌
|
|
| 作者: | 雅卡尔, , Jacquard, 著 ;王大智 译 | |
| 分册: | ||
| 出版信息: | 桂林 广西师范大学出版社 2004.5 |
|
| 页数: | 217页 | |
| 开本: | 21cm | |
| 丛书名: | 雅卡尔科学人文系列 | |
| 单 册: | ||
| 中图分类: | Q987 | |
| 科图分类: | ||
| 主题词: | 人类遗传学--ren lei yi chuan xue | |
| 电子资源: | ||
| ISBN: | 7-5633-4024-6 | |
| 000 | 01249nam0 2200289 45 | |
| 001 | 012006000794 | |
| 005 | 20061114162807.17 | |
| 010 | @a7-5633-4024-6@dCNY18.00 | |
| 100 | @a20060514d2004 em y0chiy0121 ea | |
| 101 | 1 | @achi@cfre |
| 102 | @aCN@b110000 | |
| 105 | @ay z 000yy | |
| 200 | 1 | @a差异的颂歌@Acha yi de song ge@e遗传学与人类@d= Eloge de la difference@f(法)阿尔贝·雅卡尔[Albert Jacquard]著@g王大智译@zfre |
| 210 | @a桂林@c广西师范大学出版社@d2004.5 | |
| 215 | @a217页@d21cm | |
| 225 | 2 | @a雅卡尔科学人文系列@Aya ka er ke xue ren wen xi lie@f许钧主编 |
| 314 | @a阿尔贝·雅卡尔[Albert Jacquard](1929-), 当代法国著名的种群遗传学家和人口学家, 大众思想家和社会活动家, 著有《睡莲的方程式》等。 | |
| 330 | @a本书讲述了我们应该保留基因型的差异性、丰富性、并据此对“改良人类计划”给予了无情的驳斥, 对种族主义思想、智商测量等说法极予以揭露和批判。 | |
| 410 | 0 | @12001 @a雅卡尔科学人文系列 |
| 510 | 1 | @aEloge de la difference@zfre |
| 606 | 0 | @a人类遗传学@Aren lei yi chuan xue |
| 690 | @aQ987@v4 | |
| 701 | 1 | @c(法)@a雅卡尔,@Aya ka er@bA.@g(Albert Jacquard),@f1929-@4著 |
| 701 | 1 | @c(法)@aJacquard,@bA.@g(Albert Jacquard),@f1929@4著 |
| 702 | 0 | @a王大智@Awang da zhi@4译 |
| 801 | 0 | @aCN@c20061114 |
| 905 | @a10447@dQ987@eY011 | |
| 差异的颂歌:遗传学与人类= Eloge de la difference/(法)阿尔贝·雅卡尔[Albert Jacquard]著/王大智译.-桂林:广西师范大学出版社,2004.5 |
| 217页;21cm.-(雅卡尔科学人文系列/许钧主编) |
| ISBN 7-5633-4024-6:CNY18.00 |
| 本书讲述了我们应该保留基因型的差异性、丰富性、并据此对“改良人类计划”给予了无情的驳斥, 对种族主义思想、智商测量等说法极予以揭露和批判。 |
| ● |
| 相关链接 |
|
|
|
正题名:差异的颂歌
索取号:Q987/Y011
 
预约/预借
| 序号 | 登录号 | 条形码 | 馆藏地/架位号 | 状态 | 备注 |
| 1 | 638307 | 206383073 | 期刊室512/401自科库 38排4列3层/ [索取号:Q987/Y011] | 在馆 | |
| 2 | 638308 | 206383082 | 期刊室512/401自科库 38排4列3层/ [索取号:Q987/Y011] | 在馆 | |
| 3 | 638309 | 206383091 | 自科库401/401自科库 38排4列4层/ [索取号:Q987/Y011] | 在馆 |